MARC

LEADER 00000nam0a2200000 4500
001 52661
005 20231031042707.0
010 |a 5876040592 
035 |a (RuTPU)RU\TPU\book\55201 
090 |a 52661 
100 |a 20030605d2003 m y0rusy50 ca 
101 0 |a rus 
102 |a RU 
105 |a y e 001zy 
200 1 |a Христианские ереси и секты I-XXI веков  |e Словарь  |f Д. А. Таевский 
210 |a Москва  |c Intrada  |d 2003 
215 |a 320 c. 
320 |a Библиогр.: с. 261-264 
320 |a Указатели: с. 265-305 
610 1 |a религия 
610 1 |a христианство 
610 1 |a христианские ереси 
610 1 |a секты 
610 1 |a история 
610 1 |a 1 век 
610 1 |a словари 
610 1 |a 2 век 
610 1 |a 3 век 
610 1 |a 4 век 
610 1 |a 5 век 
610 1 |a 6 век 
610 1 |a 7 век 
610 1 |a 8 век 
610 1 |a 9 век 
610 1 |a 10 век 
610 1 |a 11 век 
610 1 |a 12 век 
610 1 |a 13 век 
610 1 |a 14 век 
610 1 |a 15 век 
610 1 |a 16 век 
610 1 |a 17 век 
610 1 |a 18 век 
610 1 |a 19 век 
610 1 |a 20 век 
610 1 |a 21 век 
686 |a Э378я2  |v LBC/SL-A  |2 rubbk 
700 1 |a Таевский  |b Д. А.  |g Дмитрий Александрович 
801 1 |a RU  |b 63413507  |c 20030605  |g PSBO 
801 2 |a RU  |b 63413507  |c 20070911  |g PSBO 
900 |a Религиоведение 
942 |c BK